| 000 | 00589nam a22002177a 4500 | ||
|---|---|---|---|
| 999 |
_c7641 _d7641 |
||
| 001 | 7641 | ||
| 003 | BD-JhCC | ||
| 005 | 20180212171717.0 | ||
| 008 | 180212s1963 ii a|b|| |||| 00| 0 eng d | ||
| 035 | _a(BD-JhCC)7641 | ||
| 040 |
_aBD-JhCC _dBD-JhCC |
||
| 041 | _aeng | ||
| 082 |
_a910 _bVAL 1963 |
||
| 100 | _aValkenburg, Samuel Van | ||
| 245 |
_aElements of Political Geography / _cSamuel Van Valkenburg |
||
| 260 |
_aNew Delhi : _bPerntice-Hall Of India, _c1963. |
||
| 300 |
_a400 p. : _bill.; _c24 cm. |
||
| 504 | _aIncludes Index | ||
| 650 | _aPolitical Geography | ||
| 942 |
_2ddc _cBK |
||